Climate change in Bangladesh : (Record no. 2514)
[ view plain ]
| 000 -LEADER | |
|---|---|
| fixed length control field | 00997cam a2200301 a 4500 |
| 001 - CONTROL NUMBER | |
| JCCL Control Number | 2514 |
| 003 - CONTROL NUMBER IDENTIFIER | |
| JCCL marc code | BD-JhCC |
| 005 - DATE AND TIME OF LATEST TRANSACTION | |
| control field | 20210923134021.0 |
| 008 - FIXED-LENGTH DATA ELEMENTS--GENERAL INFORMATION | |
| fixed length control field | 100329s2010 bg b bsa 000 0 eng |
| 020 ## - INTERNATIONAL STANDARD BOOK NUMBER | |
| International Standard Book Number | 9789848815229 |
| 035 ## - SYSTEM CONTROL NUMBER | |
| system control number | (BD-JhCC)2514 |
| 040 ## - CATALOGING SOURCE | |
| Original cataloging agency | DLC |
| Transcribing agency | DLC |
| Modifying agency | DLC |
| 041 ## - LANGUAGE CODE | |
| Language code of Book | eng |
| 050 00 - LIBRARY OF CONGRESS CALL NUMBER | |
| Classification number | QC903.2.B353 |
| Item number | I85 2010 |
| 082 ## - DEWEY DECIMAL CLASSIFICATION NUMBER | |
| Classification number | 333.714 |
| Author mark and Year | ISL 2010 |
| 100 1# - MAIN ENTRY--PERSONAL NAME | |
| Personal name | Islam, Tawhidul. |
| 245 10 - TITLE STATEMENT | |
| Title | Climate change in Bangladesh : |
| Remainder of title | a closer look into temperature and rainfall data / |
| Statement of responsibility, etc | Tawhidul Islam, Ananta Neelim. |
| 260 ## - PUBLICATION, DISTRIBUTION, ETC. (IMPRINT) | |
| Place of publication, distribution, etc | Dhaka : |
| Name of publisher, distributor, etc | University Press, |
| Date of publication, distribution, etc | 2010. |
| 300 ## - PHYSICAL DESCRIPTION | |
| Pagination | viii, 80 p. : |
| Other physical details | col. maps ; |
| Dimensions | 25 cm. |
| 500 ## - GENERAL NOTE | |
| General note | Chiefly statistical tables. |
| 504 ## - BIBLIOGRAPHY, ETC. NOTE | |
| Bibliography, etc | Includes bibliographical references (p. 78-80). |
| 650 00 - SUBJECT ADDED ENTRY--TOPICAL TERM | |
| Topical term or geographic name as entry element | Climatic changes |
| Geographic subdivision | Bangladesh. |
| 650 00 - SUBJECT ADDED ENTRY--TOPICAL TERM | |
| Topical term or geographic name as entry element | Climatic changes |
| Geographic subdivision | Bangladesh |
| Form subdivision | Statistics. |
| 650 #0 - SUBJECT ADDED ENTRY--TOPICAL TERM | |
| Topical term or geographic name as entry element | Rain and rainfall |
| Geographic subdivision | Bangladesh. |
| 650 #0 - SUBJECT ADDED ENTRY--TOPICAL TERM | |
| Topical term or geographic name as entry element | Rain and rainfall |
| Geographic subdivision | Bangladesh |
| Form subdivision | Statistics. |
| 700 1# - ADDED ENTRY--PERSONAL NAME | |
| Personal name | Neelim, Ananta. |
| 942 ## - ADDED ENTRY ELEMENTS (KOHA) | |
| Source of classification or shelving scheme | Dewey Decimal Classification |
| Koha item type | Books |
| Koha issues (borrowed), all copies | 1 |
| Source of classification or shelving scheme | Damaged status | Not for loan | Home library | Current library | Shelving location | Date of accession | Total Checkouts | Full call number | Barcode | Date last seen | Copy number | Koha item type | Cost, normal purchase price | Date checked out |
|---|---|---|---|---|---|---|---|---|---|---|---|---|---|---|
| Dewey Decimal Classification | JCC Rouf Library | JCC Rouf Library | General Stacks | 11/04/2017 | 333.714 ISL 2010 | 3621 | 11/04/2017 | C- 1 | Books | |||||
| Dewey Decimal Classification | JCC Rouf Library | JCC Rouf Library | General Stacks | 11/09/2017 | 1 | 333.714 ISL 2010 | 3732 | 04/21/2024 | C-2 | Books | 450.00 | 02/19/2024 | ||
| Dewey Decimal Classification | JCC Rouf Library | JCC Rouf Library | General Stacks | 02/17/2018 | 1 | 333.714 ISL 2010 | 10455 | 09/26/2021 | C-3 | Books | 450.00 | 09/23/2021 |